Statistiques concernant Provinces du Canada

Cliquez ici pour prendre le quiz!

Statistiques générales

  • Ce quiz a été pris 28 fois
  • Le résultat moyen est 10 sur 13

Statistiques - réponses

Answer % Correct
1Québec
100%
2Ontario
92%
6Colombie britannique
92%
12nunavut
92%
4Alberta
88%
9yukon
81%
5Saskatchewan
73%
7Nouvelle écosse
73%
3Manitoba
69%
8île du prince édouard
69%
10Nouveau brunswick
69%
11territoires du nord ouest
62%
13terre neuve et labrador
62%

Distribution des résultats

Percentile par nombre de réponses

% des personnes avec chaque résultat

Votre développement - résultats

Vous n’avez pas pris ce quiz